| 000 | 01327cam a2200325 i 4500 | ||
|---|---|---|---|
| 001 | 27673 | ||
| 003 | Mx-PuUPA | ||
| 005 | 20260210134521.0 | ||
| 008 | 140415s1994 iluao fr 000 0 eng d | ||
| 020 |
_a0867151714 _qpasta dura |
||
| 040 |
_cMx-PuUPA _aMx-PuUPA _bspa _dMx-PuUPA _erda |
||
| 041 | 0 | _aeng | |
| 245 | 0 | 0 |
_aPorcelain & composite inlays & onlays : _besthetic posterior restorations / _cDavid A. Garber, Ronald E. Goldstein |
| 264 | 1 |
_aIllinois : _bQuintessence Publishing, _c©1994 |
|
| 300 |
_a159 páginas : _bilustraciones, fotografías (en color) ; _c29 cm |
||
| 336 |
_2rdacontent _atexto _btxt |
||
| 336 |
_2rdacontent _aimagen fija _bsti |
||
| 337 |
_2rdamedia _asin medio _bn |
||
| 338 |
_2rdacarrier _avolumen _bnc |
||
| 650 | 7 |
_2armarc _aIncrustaciones (Odontología) |
|
| 650 | 7 |
_2armarc _aCeramica dental |
|
| 650 | 7 |
_2armarc _aGrabado ácido dental |
|
| 700 | 1 |
_aGarber, David A., _eeditor _917824 |
|
| 700 | 1 |
_aGoldstein, Ronald E., _eeditor |
|
| 942 |
_2ddc _cLI _h617.675 _iP83 |
||
| 999 |
_c27673 _d27673 |
||